• AIU
  • Tony Wilmot Memorial Library

Melepi me njambiye Jonja Mbon. (Record no. 41879)

MARC details
000 -LEADER
fixed length control field 00718nam a22002051a 4500
005 - DATE AND TIME OF LATEST TRANSACTION
control field 20110718133630.0
008 - FIXED-LENGTH DATA ELEMENTS--GENERAL INFORMATION
fixed length control field 091005s1991 001 0 eng d
020 ## - INTERNATIONAL STANDARD BOOK NUMBER
Terms of availability 0.00
040 ## - CATALOGING SOURCE
Original cataloging agency NEGST Library - Kenya
050 #4 - LIBRARY OF CONGRESS CALL NUMBER
Classification number BS 325.K356 1999
082 0# - DEWEY DECIMAL CLASSIFICATION NUMBER
Classification number BS 325.K356 1999
100 1# - MAIN ENTRY--PERSONAL NAME
Personal name Wycliffe Bible Translators.
245 10 - TITLE STATEMENT
Title Melepi me njambiye Jonja Mbon.
260 ## - PUBLICATION, DISTRIBUTION, ETC. (IMPRINT)
Place of publication, distribution, etc Batouri :
Name of publisher, distributor, etc Wycliff Bibelubersetzer,
Date of publication, distribution, etc 1991.
300 ## - PHYSICAL DESCRIPTION
Extent 533 p. : ill., m.
500 ## - GENERAL NOTE
General note "Le Nouveau Testament en langue kako (kako-est), Cameroun et RCA." - T.p. verso. Maps on end papers. [Africana]
600 10 - SUBJECT ADDED ENTRY--PERSONAL NAME
Personal name Bible. N.T. Kako. 1999.
600 10 - SUBJECT ADDED ENTRY--PERSONAL NAME
Personal name Kako language - Texts.
852 ## - LOCATION/CALL NUMBER
-- 4.00
Holdings
Withdrawn status Lost status Source of classification or shelving scheme Damaged status Not for loan Collection code Home library Current library Shelving location Date acquired Full call number Barcode Date last seen Price effective from Koha item type
    Library of Congress Classification     General Circulation AIU/NEGST - Tony Wilmot Memorial Library AIU/NEGST - Tony Wilmot Memorial Library General Stacks 10/05/2009 BS 325.K356 1999 R49038L3232 09/26/2019 10/05/2009 Africana collection (General)